00313nam a2200121Ia 4500008004100000100001600041245003300057260002700090300000900117650004300126942000700169999001500176190216s9999||||xx |||||||||||||| ||und|| aNelson King 0aVisual Foxpro5.0 For Windows bBpb Publicationsc1997 a525p a"Computer Programming. Programs, Data" cBK c8624d8624